Wildlife Study Design

Despite the number of wildlife and conservation studies that are conducted, researchers and resource managers have not had a comprehensive guide to planning new studies. Wildlife Study Design fills that need by covering all aspects of study design, including surveys of major types of studies and var...

Πλήρης περιγραφή

Λεπτομέρειες βιβλιογραφικής εγγραφής
Κύριοι συγγραφείς: Morrison, Michael L. (Συγγραφέας), Block, William M. (Συγγραφέας), Strickland, M. Dale (Συγγραφέας), Kendall, William L. (Συγγραφέας)
Συγγραφή απο Οργανισμό/Αρχή: SpringerLink (Online service)
Μορφή: Ηλεκτρονική πηγή Ηλ. βιβλίο
Γλώσσα:English
Έκδοση: New York, NY : Springer New York, 2001.
Σειρά:Springer Series on Environmental Management,
Θέματα:
Διαθέσιμο Online:Full Text via HEAL-Link
LEADER 03175nam a22006255i 4500
001 978-0-387-21841-0
003 DE-He213
005 20151201031219.0
007 cr nn 008mamaa
008 100301s2001 xxu| s |||| 0|eng d
020 |a 9780387218410  |9 978-0-387-21841-0 
024 7 |a 10.1007/b97638  |2 doi 
040 |d GrThAP 
050 4 |a QH540-549.5 
072 7 |a PSVS  |2 bicssc 
072 7 |a SCI020000  |2 bisacsh 
072 7 |a SCI070000  |2 bisacsh 
082 0 4 |a 591.7  |2 23 
100 1 |a Morrison, Michael L.  |e author. 
245 1 0 |a Wildlife Study Design  |h [electronic resource] /  |c by Michael L. Morrison, William M. Block, M. Dale Strickland, William L. Kendall. 
264 1 |a New York, NY :  |b Springer New York,  |c 2001. 
300 |a IX, 210 p.  |b online resource. 
336 |a text  |b txt  |2 rdacontent 
337 |a computer  |b c  |2 rdamedia 
338 |a online resource  |b cr  |2 rdacarrier 
347 |a text file  |b PDF  |2 rda 
490 1 |a Springer Series on Environmental Management,  |x 0172-6161 
505 0 |a Concepts -- Experimental Designs -- Sampling Strategies: Fundamentals -- Sampling Strategies: Applications -- Impact Assessment -- Inventory and Monitoring Studies -- A Practical Guide to Study Design -- Education in Design and Statistics for Students and Professionals -- Synthesis: Advances in Wildlife Study Design. 
520 |a Despite the number of wildlife and conservation studies that are conducted, researchers and resource managers have not had a comprehensive guide to planning new studies. Wildlife Study Design fills that need by covering all aspects of study design, including surveys of major types of studies and variables, impact assessment, sampling techniques, inventorying and monitoring, and analysis of data. The book includes a practical, step-by-step guide to setting up a new study. Minimal mathematical notation and examples drawn from field research make applied animal ecology both accessible and relevant. Resource managers, researchers, and students of wildlife and conservation biology will find this book a fundamental resource for implementing and evaluating appropriate studies. 
650 0 |a Life sciences. 
650 0 |a Animal ecology. 
650 0 |a Applied ecology. 
650 0 |a Wildlife. 
650 0 |a Fish. 
650 0 |a Environmental management. 
650 0 |a Environmental sciences. 
650 0 |a Nature conservation. 
650 1 4 |a Life Sciences. 
650 2 4 |a Animal Ecology. 
650 2 4 |a Fish & Wildlife Biology & Management. 
650 2 4 |a Applied Ecology. 
650 2 4 |a Environmental Management. 
650 2 4 |a Math. Appl. in Environmental Science. 
650 2 4 |a Nature Conservation. 
700 1 |a Block, William M.  |e author. 
700 1 |a Strickland, M. Dale.  |e author. 
700 1 |a Kendall, William L.  |e author. 
710 2 |a SpringerLink (Online service) 
773 0 |t Springer eBooks 
776 0 8 |i Printed edition:  |z 9780387951188 
830 0 |a Springer Series on Environmental Management,  |x 0172-6161 
856 4 0 |u http://dx.doi.org/10.1007/b97638  |z Full Text via HEAL-Link 
912 |a ZDB-2-EES 
912 |a ZDB-2-BAE 
950 |a Earth and Environmental Science (Springer-11646)